Click 20 Countries on the World Map #1 - Statistics

General Stats
  • This quiz has been taken 114 times
  • The average score is 18 of 20
Answers on the Map
Answers color-coded by a green-red scale on the quiz's map according to % correct below.
 
Answer Stats
Answer % Correct
Mexico
97%
Zimbabwe
96%
Poland
95%
Venezuela
95%
Bulgaria
94%
Indonesia
94%
Mongolia
94%
Ukraine
94%
Barbados
93%
Gabon
93%
Morocco
93%
Nepal
93%
Andorra
90%
Chad
90%
Marshall Islands
90%
Myanmar
90%
Azerbaijan
89%
South Sudan
89%
Guatemala
87%
Burundi
83%
No matching quizzes found
Score Distribution
Percent of People with Each Score
Percentile by Number Answered
Your Score History
You have not taken this quiz